UM Logo

The basic elements of biology (Record no. 20276)

MARC details
000 -LEADER
fixed length control field 00515nam a22001457a 4500
008 - FIXED-LENGTH DATA ELEMENTS--GENERAL INFORMATION
fixed length control field 240513b ||||| |||| 00| 0 eng d
082 ## - DEWEY DECIMAL CLASSIFICATION NUMBER
Classification number DFil 570
Item number R22 2004
100 ## - MAIN ENTRY--PERSONAL NAME
Personal name Canque, Warlita .Camasura.
9 (RLIN) 57083
245 ## - TITLE STATEMENT
Title The basic elements of biology
Statement of responsibility, etc. Warlita Camasura-Canque.
260 ## - PUBLICATION, DISTRIBUTION, ETC. (IMPRINT)
Place of publication, distribution, etc. Las Piñas, Manila :
Name of publisher, distributor, etc. Neru Publication and Distribution,
Date of publication, distribution, etc. ©2004.
300 ## - PHYSICAL DESCRIPTION
Extent iii, 133 pages :
Other physical details illustrations ;
Dimensions 27 cm.
500 ## - GENERAL NOTE
General note Includes glossary and bibliography.
650 ## - SUBJECT ADDED ENTRY--TOPICAL TERM
Topical term or geographic name as entry element Biology.
9 (RLIN) 57306
942 ## - ADDED ENTRY ELEMENTS (KOHA)
Source of classification or shelving scheme Dewey Decimal Classification
Koha item type Filipiniana
Holdings
Withdrawn status Lost status Source of classification or shelving scheme Damaged status Not for loan Collection code Home library Current library Date acquired Source of acquisition Total Checkouts Full call number Barcode Date last seen Price effective from Koha item type
    Dewey Decimal Classification     Filipiniana UM Digos College - LIC UM Digos College - LIC 05/13/2024 Purchased   DFil 570 R22 2004 0089 05/15/2025 05/13/2024 Filipiniana